000
00294nam a22001337a 4500
008
170911b xxu||||| |||| 00| 0 eng d
020
_a
9780631183310
041
_a
eng
080
_a
91
100
_a
42
101
_a
GJEO
245
_a
GEOGRAPHICAL IMAGINATIONS
_c
GREGORY,D
942
_2
udc
_c
BK
999
_c
26933
_d
26933